Oh! Wan'ringwind song (from'an album of twelve hush songs"). The words by Caris Brooke the music by Alicia Adélaïde Needham

Detalles Bibliográficos
Formato: Libro
Lenguaje:English
Publicado: Boosey & co. : 295, Regent street, London W. and 9. East Seventeenth street, New York, 18--
Materias:
Colección:Banco de datos
Acervo:Universidad Autónoma Benito Juárez de Oaxaca. Biblioteca Francisco de Burgoa. Colección histórica
Descripción Física:5 p. : il. ; 31 cm.
Tema general:Música
Notas:Portada tipográfica con plecas. Incluye partituras
LEADER 00776nam a22001690004500
035 |a 2266 
041 0 |a eng 
245 1 0 |a Oh! Wan'ringwind song (from'an album of twelve hush songs"). The words by Caris Brooke the music by Alicia Adélaïde Needham  
260 |a Boosey & co. : 295, Regent street, London W. and 9. East Seventeenth street, New York, 18-- 
300 |a 5 p. : il. ; 31 cm.  
500 |a Portada tipográfica con plecas. Incluye partituras 
501 |a 6 obras 
650 1 0 |a Música 
852 |a Universidad Autónoma "Benito Juárez" de Oaxaca, Biblioteca Francisco de Burgoa, Colección histórica 15139-E 
942 |c BURHIS 
943 |g Universidad Autónoma Benito Juárez de Oaxaca. Biblioteca Francisco de Burgoa. Colección histórica 
999 |c 1120768  |d 1120768